"Musiqi Dünyası" jurnalı (Record no. 437)

MARC details
000 -LEADER
fixed length control field 02885nam a22003857a 4500
003 - CONTROL NUMBER IDENTIFIER
control field OSt
005 - DATE AND TIME OF LATEST TRANSACTION
control field 20260513120430.0
008 - FIXED-LENGTH DATA ELEMENTS--GENERAL INFORMATION
fixed length control field 260513b |||||||| |||| 00| 0 aze d
040 ## - CATALOGING SOURCE
Original cataloging agency AZ-XaKU
Language of cataloging aze
Transcribing agency AZ-XaKU
041 0# - LANGUAGE CODE
Language code of text/sound track or separate title aze
050 14 - LIBRARY OF CONGRESS CALL NUMBER
Classification number ML128 .W8931 .Sa172 2019
245 10 - TITLE STATEMENT
Title "Musiqi Dünyası" jurnalı
Remainder of title : biblioqrafiya 1999-2019
Statement of responsibility, etc. / ideya müəllifi və nəşrin elmi redaktoru: Tariyel Məmmədov ; tərtibçilər: Fəxriyyə Səfərəliyeva, Lalə Hacıyeva ; rəyçilər: Nərminə Quliyeva, Cəmilə Həsənova ; rəssam: Alina Cahangirova ; səhifələyici və texniki redaktor: İrina Tişakova
264 ## - PRODUCTION, PUBLICATION, DISTRIBUTION, MANUFACTURE, AND COPYRIGHT NOTICE
Place of production, publication, distribution, manufacture Bakı:
Date of production, publication, distribution, manufacture, or copyright notice 2019.
300 ## - PHYSICAL DESCRIPTION
Extent 248 səhifə ;
Dimensions 20 sm.
336 ## - CONTENT TYPE
Content type term text
Content type code txt
Source rdacontent
337 ## - MEDIA TYPE
Media type term unmediated
Media type code n
Source rdamedia
338 ## - CARRIER TYPE
Carrier type term volume
Carrier type code nc
Source rdacarrier
500 ## - GENERAL NOTE
General note Ü.Hacıbəyli adına Bakı Musiqi Akademiyasının 100 illiyi münasibətilə
500 ## - GENERAL NOTE
General note Kitab Ü.Hacıbəyli adına Bakı Musiqi Akademiyasının "Azərbaycan ənənəvi musiqisi və müasir texnologiyalar" kafedrası tərəfindən çapa hazırlanmışdır.
520 ## - SUMMARY, ETC.
Summary, etc. “Musiqi Dünyası” jurnalı 1999-cu ildə Azərbaycan Bəstəkarlar İttifaqı və Ü.Hacıbəyli adına Bakı Musiqi Akademiyası tərəfindən təsis edilmişdir. Məqsəd və məramına görə klassik musiqi-analitik, publisistik jurnalların («Советская музыка», «Музыкальная академия», «Мир музыки», «Музыкальная жизнь» və s.) ənənələri üzərində qurularaq, ənənəvi mədəniyyətin, bəstəkarlıq məktəbinin, şifahi ənənəli professional musiqinin milli koloriti, etnoantropoloji mühit, tarix, dil, ədəbiyyat və s. cəhətlərin adekvat qavranılması nəzərə alınmışdır.<br/>Ümumi Biblioqrafiya 1999-cu ildən 2019-cu ilə kimi "Musiqi Dünyası" jurnalının səhifələrində çap olunmuş məqalələr daxildir. Ayrı-ayrı bölmələrdə “Musiqi Dünyası" jurnalının 20 illik fəaliyyəti ərzində mövzular üzrə rubrikaların və müəlliflərin siyahısı öz əksini tapmışdır.
521 ## - TARGET AUDIENCE NOTE
Target audience note Musiqişünaslar, sənətşünaslar, musiqi nəzəriyyəçiləri və tədqiqatçılar üçün
650 #7 - SUBJECT ADDED ENTRY--TOPICAL TERM
Source of heading or term AZ-XaKU
Topical term or geographic name entry element Musiqi
General subdivision Dövri nəşrlər
Geographic subdivision Azərbaycan
655 ## - INDEX TERM--GENRE/FORM
Source of term AZ-XaKU
Genre/form data or focus term Biblioqrafiya
700 1# - ADDED ENTRY--PERSONAL NAME
Personal name Məmmədov, Tariyel,
Relator term ideya müəllifi və nəşrin elmi redaktoru.
700 1# - ADDED ENTRY--PERSONAL NAME
Personal name Səfərəliyeva, Fəxriyyə,
Relator term tərtibçi.
700 1# - ADDED ENTRY--PERSONAL NAME
Personal name Hacıyeva, Lalə,
Relator term tərtibçi.
700 1# - ADDED ENTRY--PERSONAL NAME
Personal name Quliyeva, Nərminə,
Relator term rəyçi.
700 1# - ADDED ENTRY--PERSONAL NAME
Personal name Həsənova, Cəmilə,
Relator term rəyçi.
700 1# - ADDED ENTRY--PERSONAL NAME
Personal name Cahangirova, Alina,
Relator term rəssam.
700 1# - ADDED ENTRY--PERSONAL NAME
Personal name Tişakova, İrina,
Relator term səhifələyici və texniki redaktor.
710 1# - ADDED ENTRY--CORPORATE NAME
Corporate name or jurisdiction name as entry element Azərbaycan Respublikası Təhsil Nazirliyi.
710 2# - ADDED ENTRY--CORPORATE NAME
Corporate name or jurisdiction name as entry element Ü.Hacıbəyli adına Bakı Musiqi Akademiyası.
942 ## - ADDED ENTRY ELEMENTS (KOHA)
Koha item type Book
Holdings
Withdrawn status Lost status Source of classification or shelving scheme Damaged status Not for loan Collection Home library Current library Date acquired Total checkouts Full call number Barcode Date last seen Copy number Price effective from Koha item type
    Library of Congress Classification     Fine Arts Collection Karabakh University Main Library Karabakh University Art Library 05/13/2026   ML128 .W8931 .Sa172 2019 0000001215 05/13/2026 1 05/13/2026 Book
    Library of Congress Classification     Fine Arts Collection Karabakh University Main Library Karabakh University Art Library 05/13/2026   ML128 .W8931 .Sa172 2019 c.2 0000001216 05/13/2026 2 05/13/2026 Book
    Library of Congress Classification     Fine Arts Collection Karabakh University Main Library Karabakh University Art Library 05/13/2026   ML128 .W8931 .Sa172 2019 c.3 0000001217 05/13/2026 3 05/13/2026 Book